[Event "Washington op Premier"]
[Site "Seattle"]
[Date "2007.05.27"]
[Round "4"]
[White "Lowther, Jeff"]
[Black "Weyland, Phillip"]
[Result "1-0"]
[WhiteElo "1866"]
[BlackElo "1853"]
[PlyCount "87"]
[EventDate "2007.05.26"]
[EventType "swiss"]
[EventRounds "6"]
[EventCountry "USA"]
[SourceTitle "EXT 2017"]
[Source "ChessBase"]
[SourceDate "2016.10.25"]
[SourceVersion "1"]
[SourceVersionDate "2016.10.25"]
[SourceQuality "1"]

1. e4 e6 2. d4 d5 3. exd5 exd5 4. Nf3 Bd6 5. Be2 Ne7 6. 0-0 Bf5 7. Re1 Nd7 8. c3 c6 9. Nbd2 Qc7 10. Nb3 0-0-0 11. Be3 Nf6 12. Bg5 Ne4 13. Bxe7 Bxe7 14. Ne5 f6 15. Bg4 Bxg4 16. Qxg4+ Kb8 17. Nf7 f5 18. Qh3 Bh4 19. Rxe4 fxe4 20. Nxh8 g5 21. g3 Rxh8 22. Qe6 Qd8 23. Re1 Re8 24. Qg4 Qf6 25. Re3 Rf8 26. Qe2 g4 27. gxh4 Qxh4 28. Nd2 Rf6 29. Qf1 Qg5 30. Qg2 h5 31. Qg3+ Kc8 32. h4 Qh6 33. c4 dxc4 34. Nxe4 Rf3 35. Rxf3 Qc1+ 36. Kg2 gxf3+ 37. Qxf3 Qxb2 38. Qf8+ Kc7 39. Qf7+ Kd8 40. Qxc4 Qb1 41. d5 Qd1 42. Nf6 Ke7 43. dxc6 b5 44. Qf4 1-0